• 首页
  • 本馆介绍
  • 公告通知
  • 最新文献
  • 馆藏检索
  • 电子资源
  • 读者导购
  • 参考咨询
  • 我的图书馆
  • 登录
  • 详细信息显示
  • 放入我的书架
  • 预约/预借图书
  • 作者相关作品
  • 分类相关作品
  • 丛书相关作品
  • 出版社相关作品

书目信息

  • 表格格式
  • 工作单格式
  • 卡片格式
题名:
社会工作与社区研究
    
 
作者: 李素菊 , 袁光亮 主编
分册:  
出版信息: 北京   社会科学文献出版社  2010.12
页数: 286页
开本: 24cm
丛书名: 社区论丛
单 册:
中图分类: D632 , D669.3
科图分类:
主题词: 社会工作--研究--中国 , 社区--工作--研究--中国 , 社会工作 , 社区
电子资源:
ISBN: 978-7-5097-1831-5
000 01118oam2 2200349 450
001 010010083212
005 20120628153926.28
010    @a978-7-5097-1831-5@dCNY45.00
100    @a20101221d2010 em y0chiy0110 ea
101 0  @achi
102    @aCN@b110000
105    @aak z 000yy
106    @ar
200 1  @a社会工作与社区研究@9she hui gong zuo yu she qu yan jiu@f李素菊,袁光亮主编
210    @a北京@c社会科学文献出版社@d2010.12
215    @a286页@c图@d24cm
225 2  @a社区论丛
308    @a丛书第一辑
312    @a封面英文题名:Social work and community research
330    @a本书主要内容包括:社会工作专家论坛;本土社会工作探索;社会工作专业教育;社区工作研究;社区心理研究;社会工作实务。
461  0 @12001 @a社区论丛
510 1  @aSocial work and community research@zeng
606 0  @a社会工作@x研究@y中国
606 0  @a社区@x工作@x研究@y中国
606 0  @a社会工作
606 0  @a社区
690    @aD632@v4
690    @aD669.3@v4
701  0 @a李素菊@9li su ju@4主编
701  0 @a袁光亮@9yuan guang liang@4主编
801  0 @aCN@bRENTIAN@c20101221
905    @b541646-49@dD632@e168@f4
    
    社会工作与社区研究/李素菊,袁光亮主编.-北京:社会科学文献出版社,2010.12
    286页:图;24cm.-(社区论丛)
    
    
    ISBN 978-7-5097-1831-5:CNY45.00
    本书主要内容包括:社会工作专家论坛;本土社会工作探索;社会工作专业教育;社区工作研究;社区心理研究;社会工作实务。
●
相关链接 在E读中查询图书 在五车中查询图书 在当当中查询图书 在豆瓣中查询图书


正题名:社会工作与社区研究     索取号:D632/168         预约/预借

序号 登录号 条形码 馆藏地/架位号 状态 备注
1 541646   205416469   第一样本阅览室/ [索取号:D632/168] 在馆    
2 541647   205416478   第一借阅区/ [索取号:D632/168] 在馆    
3 541648   205416487   第一借阅区/ [索取号:D632/168] 在馆    
4 541649   205416496   密集书库-海洋学院/ [索取号:D632/168] 在馆    
唐山师范学院图书馆 欢迎您!
大连网信软件有限公司© 版权所有